Catálogo

Oráculos de la ciencia : (Registro nro. 42103)

Detalles MARC
000 -LEADER
fixed length control field 01293cam a2200349 i 4500
001 - CONTROL NUMBER
control field 42103
003 - CONTROL NUMBER IDENTIFIER
control field Mx-PuUPA
005 - DATE AND TIME OF LATEST TRANSACTION
control field 20250210135429.0
008 - FIXED-LENGTH DATA ELEMENTS--GENERAL INFORMATION
fixed length control field 140415s2012 sp gr 000 0 spa d
020 ## - INTERNATIONAL STANDARD BOOK NUMBER
International Standard Book Number 9788499201214
040 ## - CATALOGING SOURCE
Original cataloging agency Mx-PuUPA
Language of cataloging spa
Transcribing agency Mx-PuUPA
Modifying agency Mx-PuUPA
Description conventions rda
041 1# - LANGUAGE CODE
Language code of text/sound track or separate title spa
Language code of original eng
240 10 - UNIFORM TITLE
Uniform title Oracles of science.
Language of a work Español
245 00 - TITLE STATEMENT
Title Oráculos de la ciencia :
Remainder of title científicos famosos contra Dios y la religión /
Statement of responsibility, etc. Karl Giberson, Mariano Artigas ; prólogo de Juan Arana ; traducción, Lázaro Sanz Velázquez
264 #1 - PRODUCTION, PUBLICATION, DISTRIBUTION, MANUFACTURE, AND COPYRIGHT NOTICE
Place of production, publication, distribution, manufacture Madrid :
Name of producer, publisher, distributor, manufacturer Ediciones Encuentro,
Date of production, publication, distribution, manufacture, or copyright notice ©2012
300 ## - PHYSICAL DESCRIPTION
Extent viii, 372 páginas ;
Dimensions 23 cm
336 ## - CONTENT TYPE
Fuente rdacontent
Content type term texto
Content type code txt
337 ## - MEDIA TYPE
Source rdamedia
Media type term sin medio
Media type code n
338 ## - CARRIER TYPE
Source rdacarrier
Carrier type term volumen
Carrier type code nc
490 0# - SERIES STATEMENT
Series statement Ciencia
490 0# - SERIES STATEMENT
Series statement Colección Ensayos ;
Volume/sequential designation 457
650 #7 - SUBJECT ADDED ENTRY--TOPICAL TERM
Source of heading or term armarc
Topical term or geographic name entry element Religión y ciencia
650 #7 - SUBJECT ADDED ENTRY--TOPICAL TERM
Source of heading or term armarc
Topical term or geographic name entry element Religión
Form subdivision Filosofía
700 1# - ADDED ENTRY--PERSONAL NAME
Personal name Giberson, Karl,
Relator term autor
9 (RLIN) 770
700 1# - ADDED ENTRY--PERSONAL NAME
Personal name Artigas, Mariano,
Relator term autor
700 1# - ADDED ENTRY--PERSONAL NAME
Personal name Arana, Juan,
Relator term prologuista
700 1# - ADDED ENTRY--PERSONAL NAME
Personal name Sanz Velázquez, Lázaro,
Relator term traductor
765 0# - ORIGINAL LANGUAGE ENTRY
Main entry heading Giberson, Karl,
Place, publisher, and date of publication [Nueva York?] : Oxford University Press, ©2007
Title Oracles of science.
942 ## - ADDED ENTRY ELEMENTS (KOHA)
Source of classification or shelving scheme Dewey Decimal Classification
Koha item type Libro
Classification part 201.65
Item part O63
Existencias
Withdrawn status Lost status Source of classification or shelving scheme Damaged status Not for loan Collection code Home library Current library Shelving location Date acquired Total Checkouts Full call number Barcode Date last seen Price effective from Koha item type
    Dewey Decimal Classification     General Centro de Estudios en Ciencia y Religión Centro de Estudios en Ciencia y Religión Sala general 03/12/2013   201.65 O63 2012 63411 05/01/2026 03/12/2013 Libro